Montaigne y Azorín (Record no. 180926)

MARC details
000 -LEADER
campo de control de longitud fija 00847nam a2200217 i 4500
001 - NÚMERO DE CONTROL
campo de control 180926
003 - IDENTIFICADOR DE NÚMERO DE CONTROL
campo de control ES-MaACL
005 - FECHA Y HORA DE LA ÚLTIMA TRANSACCIÓN
campo de control 20231221205137.0
008 - DATOS DE LONGITUD FIJA--INFORMACIÓN GENERAL
campo de control de longitud fija 120829s1988 sp |||| | spa d
080 ## - NÚMERO DE LA CLASIFICACIÓN DECIMAL UNIVERSAL
Número de la Clasificación Decimal Universal 821.134.2 Azorín 1.07
080 ## - NÚMERO DE LA CLASIFICACIÓN DECIMAL UNIVERSAL
Número de la Clasificación Decimal Universal 821.133.1 Montaigne, Michel de 1.07
100 0# - ENTRADA PRINCIPAL--NOMBRE DE PERSONA
Nombre de persona Riopérez y Milá, Santiago.
9 (RLIN) 97354
245 10 - MENCIÓN DEL TÍTULO
Título Montaigne y Azorín
Resto del título : mas allá de una influencia literaria /
Mención de responsabilidad, etc. por Santiago Riopérez y Milá.
260 ## - PUBLICACIÓN, DISTRIBUCIÓN, ETC.
Lugar de publicación, distribución, etc. [S.l.] :
Nombre del editor, distribuidor, etc. Caja de Ahorros de Alicante y Murcia,
Fecha de publicación, distribución, etc. [1988?]
300 ## - DESCRIPCIÓN FÍSICA
Extensión P. 179-206 :
Otras características físicas il. ;
Dimensiones 24 cm.
595 ## -
-- Separata de Anales Azorinianos / 3. Casa Museo Azorín - Monóvar.
600 14 - PUNTO DE ACCESO ADICIONAL DE MATERIA--NOMBRE DE PERSONA
Nombre de persona Montaigne, Michel de-
Subdivisión general Influencia.
9 (RLIN) 151371
600 04 - PUNTO DE ACCESO ADICIONAL DE MATERIA--NOMBRE DE PERSONA
Nombre de persona Azorín,
Fechas asociadas al nombre 1873-1967-
Subdivisión general Crítica e interpretación
9 (RLIN) 24328
852 ## - LOCALIZACIÓN
Ubicación ES-MaACL
Número de control de estantería 2318-F-9
Holdings
Estatus retirado Estado de pérdida Estado de daño No para préstamo Colección Biblioteca de origen Biblioteca actual Ubicación en estantería Fecha de adquisición Fuente de adquisición Total de préstamos Signatura topográfica completa Código de barras Visto por última vez Precio de reemplazo Tipo de ítem Koha
        Colección de folletos Biblioteca del Ateneo de Madrid Biblioteca del Ateneo de Madrid Depósito folletos 29/08/2012     2318-F-9 1190123 23/02/2023 23/02/2023 Folleto